IIHF World Ranking 2024 - Statistics

General Stats
  • This quiz has been taken 80 times
  • The average score is 18 of 20
Answer Stats
Place Division Team % Correct
4 Championships Czechia
99%
2 suspended Russia
99%
3 Championships Finland
99%
7 Championships Sweden
99%
6 Championships USA
99%
1 Championships Canada
97%
9 Championships Slovakia
97%
10 Championships Latvia
96%
5 Championships Switzerland
93%
17 Championships Great Britain
93%
14 Championships France
91%
12 Championships Norway
91%
11 Championships Denmark
89%
13 Championships Austria
87%
8 Championships Germany
87%
20 Division I. Italy
86%
15 Championships Kazakhstan
84%
16 suspended Belarus
83%
19 Division I. Slovenia
77%
18 Division I. Hungary
76%
No matching quizzes found
Score Distribution
Percent of People with Each Score
Percentile by Number Answered
Your Score History
You have not taken this quiz